Profitability of rice cultivation in the selected areas of tangail district in bangladesh / (Record no. 15435)

MARC details
000 -LEADER
fixed length control field 00904nam a22002417a 4500
003 - CONTROL NUMBER IDENTIFIER
control field BD-DhSAU
005 - DATE AND TIME OF LATEST TRANSACTION
control field 20211002124032.0
008 - FIXED-LENGTH DATA ELEMENTS--GENERAL INFORMATION
fixed length control field 210929b |||||||| |||| 00| 0 eng d
040 ## - CATALOGING SOURCE
Original cataloging agency BD-DhSAU
082 ## - DEWEY DECIMAL CLASSIFICATION NUMBER
Edition number 22
Classification number 658.8
Item number J191
100 ## - MAIN ENTRY--PERSONAL NAME
Personal name JAHID, MD. JAHIDUZZAMAN
Relator term Registration No.:# 12-05186
245 ## - TITLE STATEMENT
Title Profitability of rice cultivation in the selected areas of tangail district in bangladesh /
Remainder of title Ms Thesis
260 ## - PUBLICATION, DISTRIBUTION, ETC. (IMPRINT)
Place of publication, distribution, etc. Sher-e-bangla Agricultural University Dhaka 1207;
Name of publisher, distributor, etc. Department of Agribusiness & Marketing;
Date of publication, distribution, etc. 2018.;
300 ## - PHYSICAL DESCRIPTION
Extent viii;
Other physical details 71p.;
Dimensions 30cm.;
500 ## - GENERAL NOTE
General note Including Index.;
590 ## - Name of Cataloguer
Name of Cataloger nazmul
600 ## - SUBJECT ADDED ENTRY--PERSONAL NAME
Fuller form of name rice cultivation
610 ## - SUBJECT ADDED ENTRY--CORPORATE NAME
Corporate name or jurisdiction name as entry element tangail district in bangladesh
700 ## - ADDED ENTRY--PERSONAL NAME
Personal name Sajeeb Saha
Relator term Supervisor
710 ## - ADDED ENTRY--CORPORATE NAME
Corporate name or jurisdiction name as entry element Bisakha Dewan
Relator term Co-Supervisor
856 ## - ELECTRONIC LOCATION AND ACCESS
Link text Online Access
Uniform Resource Identifier <a href="http://archive.saulibrary.edu.bd:8080/xmlui/handle/123456789/3250">http://archive.saulibrary.edu.bd:8080/xmlui/handle/123456789/3250</a>
942 ## - ADDED ENTRY ELEMENTS (KOHA)
Source of classification or shelving scheme Dewey Decimal Classification
Koha item type MS Level Thesis
Holdings
Withdrawn status Lost status Source of classification or shelving scheme Damaged status Not for loan Home library Branch Name Shelving location Date acquired Total Checkouts Full call number Barcode Date last seen Price effective from Koha item type
    Dewey Decimal Classification   Not For Loan SAU Library SAU Library Reference 02/10/2021   658.8 J191 42669 02/10/2021 02/10/2021 MS Level Thesis